Tughlaq: a play in thirteen scenes. (Record no. 105031)
[ view plain ]
| 000 -LEADER | |
|---|---|
| fixed length control field | 00573nam a2200217Ia 4500 |
| 003 - CONTROL NUMBER IDENTIFIER | |
| control field | OSt |
| 005 - DATE AND TIME OF LATEST TRANSACTION | |
| control field | 20230922113958.0 |
| 008 - FIXED-LENGTH DATA ELEMENTS--GENERAL INFORMATION | |
| fixed length control field | 210210b2001 xxu||||| |||| 00| 0 eng d |
| 020 ## - INTERNATIONAL STANDARD BOOK NUMBER | |
| International Standard Book Number | 0 19 560226 9 |
| 040 ## - CATALOGING SOURCE | |
| Transcribing agency | AL |
| 041 ## - LANGUAGE CODE | |
| Language code of text/sound track or separate title | English |
| 082 ## - DEWEY DECIMAL CLASSIFICATION NUMBER | |
| Classification number | 820.23 KART |
| 100 ## - MAIN ENTRY--PERSONAL NAME | |
| Personal name | KARNAD (Girish). |
| 9 (RLIN) | 134484 |
| 245 ## - TITLE STATEMENT | |
| Title | Tughlaq: a play in thirteen scenes. |
| 260 ## - PUBLICATION, DISTRIBUTION, ETC. | |
| Place of publication, distribution, etc. | Chennai. |
| Name of publisher, distributor, etc. | Oxford University Press., |
| Date of publication, distribution, etc. | 2001 |
| 300 ## - PHYSICAL DESCRIPTION | |
| Extent | x,86 |
| 650 ## - SUBJECT ADDED ENTRY--TOPICAL TERM | |
| Topical term or geographic name entry element | Kannada Translation Tughlaq |
| 9 (RLIN) | 134485 |
| 690 ## - LOCAL SUBJECT ADDED ENTRY--TOPICAL TERM (OCLC, RLIN) | |
| Topical term or geographic name as entry element | Indian English Fiction |
| 9 (RLIN) | 134486 |
| 906 ## - LOCAL DATA ELEMENT F, LDF (RLIN) | |
| a | 057498 |
| 942 ## - ADDED ENTRY ELEMENTS (KOHA) | |
| Source of classification or shelving scheme | Dewey Decimal Classification |
| Koha item type | Book |
| Withdrawn status | Lost status | Damaged status | Not for loan | Collection code | Home library | Current library | Shelving location | Date acquired | Source of acquisition | Cost, normal purchase price | Total Checkouts | Full call number | Barcode | Date last seen | Price effective from | Koha item type | Date last checked out |
|---|---|---|---|---|---|---|---|---|---|---|---|---|---|---|---|---|---|
| St Aloysius Library | St Aloysius Library | 02/17/2021 | SAC Co-Operative Store, Mangalore -03. | 35.00 | 820.23 KART | 057498 | 02/17/2021 | 02/17/2021 | Book | ||||||||
| St Aloysius Library | St Aloysius Library | 02/17/2021 | Navakarnataka Publication Pvt Ltd Mangalore | 49.00 | 820.23 KART | 070768 | 02/17/2021 | 02/17/2021 | Book | ||||||||
| St Aloysius Library | St Aloysius Library | 02/17/2021 | Navakarnataka Publication Pvt Ltd Mangalore | 49.00 | 820.23 KART | 070767 | 02/17/2021 | 02/17/2021 | Book | ||||||||
| St Aloysius Library | St Aloysius Library | 02/17/2021 | Navakarnataka Publication Pvt Ltd Mangalore | 49.00 | 820.23 KART | 072098 | 02/17/2021 | 02/17/2021 | Book | ||||||||
| St Aloysius Library | St Aloysius Library | 02/17/2021 | Navakarnataka Publication Pvt Ltd Mangalore | 49.00 | 2 | 820.23 KART | 072097 | 03/08/2023 | 02/17/2021 | Book | 02/23/2023 | ||||||
| St Aloysius Library | St Aloysius Library | 12/15/2001 | 35.00 | 820.23 KART | D02021 | 07/19/2021 | 07/19/2021 | Donated Books |